000 03834nab a2200289 i 4500
003 BR-BrBNA
005 20231127095719.0
008 231127b2017 bl.qr|pooa||| 00| 0 por |
040 _aBR-BrBNA
_bpor
072 _aF02
072 _aF04
100 _aPeriotto, Fernando
100 _aGualtieri, Sonia Cristina Juliano
245 _aGerminação e desenvolvimento inicial de Campomanesia pubescens (DC.) O. Berg (Myrtaceae) em diferentes substratos
500 _aPublicação on-line; 20 ref.; 7 illus.; Summaries (En, Pt)
520 _a RESUMO Campomanesia pubescens (DC.) O. Berg. é uma espécie arbustiva da família Myrtaceae, típica de Cerrado. A pesquisa teve como objetivo estudar o desempenho de quatro diferentes substratos em seu desenvolvimento inicial. Desse modo, foram efetuadas a avaliação de emergência das plântulas, a análise de crescimento e a mensuração da massa da matéria seca das mudas. As sementes foram semeadas em células de poliestireno contendo quatro tipos de substratos: vermiculita, fibra de coco, areia fina e mistura fibra de coco/ vermiculita (2:1). As contagens das plântulas emergidas foram realizadas diariamente. As análises estatísticas foram feitas com o auxílio do software Action, através do teste de Tukey. Testou-se ainda a normalidade e homocedasticidade dos dados. O substrato fibra de coco/vermiculita (2:1) propiciou melhores resultados nas avaliações de emergência. A incorporação de matéria seca foi prejudicada pelos substratos fibra de coco e areia. Na análise de crescimento, fibra de coco/vermiculita (2:1) permitiu desenvolvimento de plântulas maiores e mais vigorosas. Conclui-se que dentre os substratos testados, o mais adequado para a emergência de sementes, bem como para o desenvolvimento inicial de mudas de Campomanesia pubescens é o composto por fibra de coco/vermiculita (2:1). Palavras-chave: mudas; propagação; gabiroba; Cerrado.
520 _a ABSTRACT Campomanesia pubescens (DC.) O. Berg. is a shrubby species of Myrtaceae family typical of Cerrado. The research aimed to study the performance of four different substrates in its early development. Thus were performed to evaluate seedling emergence, growth analysis and the mass of the measurement of the dry mass. Seeds were sown in polystyrene cell containing four substrates: vermiculite, coconut fiber, sand and mixing coconut fiber / vermiculite (2: 1). The emerged seedlings were performed daily. Statistical analyzes were performed with the aid of software Action by the Tukey test. It is also tested for normality and homoscedasticity of the data. The substrate coconut fiber / vermiculite (2: 1) gave better results in emergency assessments. The incorporation of dry matter was hampered by substrates coconut fiber and sand. In the growth analysis, coconut fiber / vermiculite (2: 1) allowed the development of larger and more vigorous plants. It is concluded that among the tested substrates, the most suitable seed emergence, and to early development of Campomanesia pubescens plants is composed of coconut fiber / vermiculite (2: 1). Keywords: seedlings; propagation; gabiroba; Cerrado.
650 _aMUDA
650 _aPROPAGAÇÃO VEGETATIVA
650 _aCERRADO
650 _aGUABIROBA
650 _aSUBSTRATO DE CULTURA
773 0 _04065
_9102230
_dSanta Maria-RS Universidade Federal de Santa Maria - Centro de Pesquisas Florestais.Departamento de Ciências Florestais. Programa de Pós-Graduação em Engenharia Florestal 1991
_o2023-436645
_tCiência Florestal (Brazil)
_x0103-9954; 1980-5098 (on-line)
_gv. 27(3) p. 743-752; (Jul-Sep 2017)
_wBR2023001330
856 _uhttps://www.scielo.br/j/cflo/a/h79G4PqvVMyzvGMr9FWvYNC/?format=pdf&lang=pt
942 _cAnalítica
999 _c86810
_d86810